000 02257nam a22001457a 4500
999 _c533030
_d533030
008 260413b ||||| |||| 00| 0 eng d
100 _aEdo, Samson and Oigiangbe, Osaro
_960094
245 _aPublic institutions and infrastructure: The interactive effect on economic growth in sub-Saharan Africa
260 _aJournal of Social and Economic Development
300 _a27(2), Aug, 2025: p.624-643
520 _aIt is argued that government institutions are saddled with the responsibility of planning, executing and managing infrastructure, hence the interaction between institutional quality and infrastructure development matters for economic growth, particularly in developing countries. However, this issue has yet to be given adequate attention by researchers in previous empirical studies. Therefore, this study attempts to build on the previous studies by investigating the direct and interactive effects of both factors on economic growth in sub-Saharan Africa. The model of generalized method of moments is employed in investigating this issue, within the period 1980–2021. The direct impact of institutional quality on growth is found to be positive but insignificant, while that of infrastructure development is positive and significant. In spite of the poor impact of institutional quality, the results show that it interacted with infrastructure development to produce significant positive effect. It suggests that the quality of public institutions may be low, but the infrastructure provided and maintained by such institutions contributed fairly well to economic growth. The results, therefore, validate the postulation that institutional quality and infrastructure development are interconnected in facilitating economic growth. This positive effect on growth is complemented by public debt, foreign investment and human capital. Therefore, appropriate policies are required to enhance the positive effects, in order to accelerate economic growth in sub-Saharan Africa.-Reproduced https://link.springer.com/article/10.1007/s40847-024-00351-7
650 _aInstitutional quality, Infrastructure development, Economic growth, Developing Economies
_960095
773 _aJournal of Social and Economic Development
942 _cAR